000
00313nam a22001337a 4500
082
_a
894.812.3
_b
MEE/M
100
_a
MEENAKUMARI
245
_a
MARUNADAN KUTTIKATHAKAL
250
_a
FIRST
260
_a
THRISSUR
_b
H&C PUBLISHING HOUSE
_c
2006
300
_a
96
650
_a
SHORT STORY MALAYALAM
_z
KERALA
942
_c
BK
999
_c
1365
_d
1365